New ideas in our language today /

Bibliographic Details
Main Author: Conlin, David A.
Format: Book
Language:English
Published: New York : American Book Company, 1971.
Edition:Teacher's annotated ed.
Series:Our language today series.
Subjects:

MARC

Tag First Indicator Second Indicator Subfields
LEADER 00000cam a2200000 i 4500
001 in00000061813
005 20151008050613.0
008 800501s1971 nyua b 00110 eng d
020 |a 0278419275 
035 |a (OCoLC)06268061 
035 |9 AAG2077AM 
040 |a TXA  |c TXA  |d UtOrBLW 
049 |a [Curr Col] TXAM  |c [931089] 
090 |a PE1112  |b .C595 1971a 
100 1 |a Conlin, David A. 
245 1 0 |a New ideas in our language today /  |c David A. Conlin [and others]. 
250 |a Teacher's annotated ed. 
264 1 |a New York :  |b American Book Company,  |c 1971. 
300 |a 300, G121, K2 pages, 23 unnumbered pages :  |b illustrations (some color) ;  |c 24 cm. 
336 |a text  |b txt  |2 rdacontent 
337 |a unmediated  |b n  |2 rdamedia 
338 |a volume  |b nc  |2 rdacarrier 
490 1 |a Our language today series 
500 |a Level 3. 
500 |a Includes index. 
504 |a Bibliography: p. G117-G121. 
650 0 |a English language  |x Grammar. 
830 0 |a Our language today series. 
999 |a MARS 
999 f f |s 2ad9bfdf-e6c1-3c94-92ac-f6d6dc2dc6be  |i bb39e0e5-2689-3f2e-984c-259455f075ac  |t 0 
952 f f |p ric  |a Texas A&M University  |b Rellis Campus  |c Joint Library Facility  |s JLF  |d Remote Storage  |t 0  |e PE1112 .C595 1971a  |h Library of Congress classification  |i unmediated -- volume  |m A14800229994 
998 f f |a PE1112 .C595 1971a  |t 0  |l Remote Storage